| 000 | 00480nam a22001817a 4500 | ||
|---|---|---|---|
| 003 | LK-CoDNM | ||
| 005 | 20250130151546.0 | ||
| 008 | 250130b |||||||| |||| 00| 0 eng d | ||
| 040 |
_aLK-CoDNM _dLK-CoDNM _eLK-CoDNM |
||
| 041 | _aeng | ||
| 080 |
_a13 _bT11 |
||
| 100 | _aWelby,Frances A. | ||
| 245 | _aHuman Physiology | ||
| 260 |
_aSt,Martin's street,,London _bMacmillan and company.,Limited _c1913 |
||
| 300 | _aviii, 558p. : ill ; 22 cm | ||
| 650 | _aPeople | ||
| 942 | _cBK | ||
| 999 |
_c237708 _d237708 |
||